Pirandello romanziere /

Bibliographic Details
Main Author: Ganeri, Margherita, 1965-
Format: Book
Language:Italian
Published: Soveria Mannelli (Catanzaro) : Rubbettino, [2001]
Series:Saggi brevi di letteratura antica e moderna ; 6.
Saggi (Soveria Mannelli, Italy)
Subjects:

MARC

Tag First Indicator Second Indicator Subfields
LEADER 00000cam a2200000 a 4500
001 in00001663266
005 20151024121159.0
008 011210s2001 it b 000 0 ita c
020 |a 8849801025 
035 |a (OCoLC)ocm48569209 
040 |a C3L  |c C3L  |d CGU  |d WAU  |d TXA  |d UtOrBLW 
042 |a pcc 
043 |a e-it--- 
045 |a x0x4 
049 |a TXAM 
050 4 |a PQ4835.I7  |b Z668 2001 
082 1 4 |a 853 
100 1 |a Ganeri, Margherita,  |d 1965- 
245 1 0 |a Pirandello romanziere /  |c Margherita Ganeri. 
264 1 |a Soveria Mannelli (Catanzaro) :  |b Rubbettino,  |c [2001] 
264 4 |c ©2001 
300 |a 258 pages ;  |c 21 cm. 
336 |a text  |b txt  |2 rdacontent 
337 |a unmediated  |b n  |2 rdamedia 
338 |a volume  |b nc  |2 rdacarrier 
490 1 |a Saggi brevi di letteratura antica e moderna ;  |v 6 
490 0 |a Il colibrì 
490 1 |a Saggistica 
500 |a Series "Saggistica" from dust jacket. 
504 |a Includes bibliographical references (pages 247-255). 
600 1 0 |a Pirandello, Luigi,  |d 1867-1936  |x Criticism and interpretation. 
830 0 |a Saggi brevi di letteratura antica e moderna ;  |v 6. 
830 0 |a Saggi (Soveria Mannelli, Italy) 
938 |a Casalini Libri  |b CASA  |n 00951142  |c L25000 
948 |a cataloged  |b h  |c 2002/2/27  |d c  |e jgreene  |f 10:23:13 am 
994 |a E0  |b TXA 
999 |a MARS 
999 f f |s d4f9a25c-1f87-3640-82af-46eca05fd0b8  |i 5cfd6798-1891-30e5-b8ae-1ffbf226aafd  |t 0 
952 f f |p ric  |a Texas A&M University  |b Rellis Campus  |c Joint Library Facility  |d Remote Storage  |t 0  |e PQ4835.I7 Z668 2001  |h Library of Congress classification  |i unmediated -- volume  |m A14828535076 
998 f f |a PQ4835.I7 Z668 2001  |t 0  |l Remote Storage